[Event "HUN-GER m"]
[Site "Budapest"]
[Date "2004.09.19"]
[Round "4"]
[White "Graf, Alexander"]
[Black "Ruck, Robert"]
[Result "1/2-1/2"]
[WhiteElo "2661"]
[BlackElo "2575"]
[Annotator "Krasenkow,M"]
[PlyCount "104"]
[EventDate "2004.09.16"]
[EventType "team"]
[EventRounds "6"]
[EventCountry "HUN"]
[SourceTitle "CBM 104"]
[Source "ChessBase"]
[SourceDate "2005.01.27"]
[SourceVersion "1"]
[SourceVersionDate "2005.01.27"]
[SourceQuality "1"]
[WhiteTeam "Germany"]
[BlackTeam "Hungary"]
[WhiteTeamCountry "GER"]
[BlackTeamCountry "HUN"]

1. d4 Nf6 2. c4 g6 3. Nc3 d5 4. cxd5 Nxd5 5. e4 Nxc3 6. bxc3 Bg7 7. Be3 c5 8.
Qd2 Qa5 9. Rc1 {A favorite line of GM Alexander Graf. White aims for a slight
edge in the endgame.} cxd4 10. cxd4 Qxd2+ 11. Kxd2 O-O 12. Bb5 {A typical
manoeuvre to provoke ...a6 and ...b5 in order to weaken Black's queenside.} Rd8
{The other moves seen in practice:} (12... a6 13. Ba4 b5 $6 (13... Nc6 {
1/2-1/2 Werner,D-Horvath,J/Budapest 1991/CBM 23 ext (13)}) 14. Bb3 Bb7 15. d5
Rc8 16. Rxc8+ Bxc8 17. Nf3 Nd7 18. Rc1 a5 19. Nd4 b4 20. f4 Nf6 21. e5 Ne4+ 22.
Ke1 Nc3 23. Nc6 $16 {1-0 Matthey,H-Loeffler,B/Germany 1991/TD (59)}) (12... Nc6
$5 13. Bxc6 (13. d5 Nd4 14. Bc4 Bd7 15. Ne2 Nxe2 16. Kxe2 Rfc8 17. Bd3 a6 18.
f4 e6 19. d6 e5 20. g3 b5 21. Bb6 (21. Rc7 $5) 21... Rxc1 22. Rxc1 Rc8 {
1/2-1/2 Zaitsev,M-Aljavdin,N/Serpukhov 2002/EXT 2003 (37)}) 13... bxc6 14. Ne2
Rb8 15. Rb1 Ba6 16. Rhc1 e5 17. dxe5 Bxe5 18. Bxa7 Rfd8+ 19. Ke1 Rxb1 20. Rxb1
Bc7 21. Be3 Bd3 22. Rc1 Bxe4 {1/2-1/2 Rychagov,A-Shipov,S/ICC INT 2001/CBM 81
ext (54)}) (12... b6 $6 13. Rc7 e6 14. Nf3 Ba6 15. Ba4 Bc8 16. Bb5 Ba6 17. a4
f5 18. exf5 Rxf5 19. Rhc1 Bf8 20. Rc8 $1 Bxc8 21. Rxc8 $16 {1-0 Schlager,
T-Vettel,M/Germany 1989/GER-chT2 (41)}) (12... Bd7 13. Bxd7 Nxd7 14. Rc7 Rfd8
15. Ne2 b6 16. f3 Kf8 17. Rhc1 Nf6 18. Bg5 Ke8 19. Ke3 Rd7 20. d5 $14 {0-1
Sheldon,R-Hodgson,J/London 1993/EXT 98 (48)}) (12... e6 13. Ne2 Nd7 14. Rc7 Nb6
15. Rhc1 Rd8 16. Bg5 f6 17. Be3 Rb8 18. Ke1 $14 {1-0 Machalova,M-Both,G/
Bratislava 2002/EXT 2004 (44)}) (12... f5 $5 13. f3 Nc6 14. Ne2 Rd8 15. d5 Bd7
16. Rhd1 Ne5 17. Bxd7 Rxd7 18. Ke1 fxe4 19. fxe4 Ng4 $132 {1/2-1/2 Kula,
R-Malisauskas,V/Katowice 1995/EXT 2000 (56)}) 13. Ne2 (13. Ke2 Nc6 14. d5 Nd4+
15. Bxd4 Bxd4 16. Nf3 Bb6 17. Rhd1 Bg4 $11 {1/2-1/2 Stickler,A-Fischer,S/
Germany 1992/GER-chT2 (26)}) (13. Nf3 Bd7 (13... Bg4 14. Rc7 Nc6 15. Rxb7 Nxd4
16. Nxd4 Bxd4 17. Bxd4 Rxd4+ 18. Ke3 Rb4 19. Bc6 Rxb7 20. Bxb7 Rb8 21. Bd5 Be6
$6 22. Bxe6 fxe6 23. Rc1 $14 {1-0 Schirm,F-Roeber,B/Binz 1995/CBM 50 ext (67)})
14. Bxd7 Nxd7 15. Rc7 Ne5 $1 16. Nxe5 Bxe5 17. Rxe7 Bxd4 18. Rxb7 Rac8 $1 19.
Bxd4 $1 Rxd4+ 20. Ke3 Ra4 $11 {Petronic,J-Kapetanovic,A/Jugoslavija 1992/Inf
54 (20)}) 13... Nc6 {The simplest reply. Other options:} (13... a6 14. Ba4 b5
15. Bb3 Bb7 (15... e6 16. Rc7 Nd7 17. Rhc1 Nf6 18. f3 $14 {1-0 Matejov,
A-Demian,M/Slovakia 1998/EXT 99 (57)}) 16. Rc7 (16. f3 Nc6 17. Bd5 Rac8 18.
Bxc6 Bxc6 19. Rc2 e6 20. Rhc1 Bd7 21. Rc7 Rxc7 22. Rxc7 b4 $132 {1/2-1/2
Meulders,R-Kool,G/Netherlands 1992/EXT 99 (35)}) 16... Bxe4 17. Rxe7 Bxg2 18.
Rxf7 Bd5 19. Bxd5 Rxd5 20. Rc7 Nd7 21. Nc3 Rd6 22. Ne4 Rd5 23. Nc3 Rd6 24. Ne4
Rd5 {1/2-1/2 Winants,L-Van Gaalen,B/Gent 1994/EXT 2002 (24)}) (13... Bd7 14.
Bxd7 Nxd7 15. Kc2 f5 16. exf5 gxf5 17. Nf4 Kf7 18. Kb3 Nf6 19. Rc5 e6 20. Rc7+
Rd7 21. Rhc1 Ke7 $2 (21... Rad8 22. Nd3 Nd5 $11) 22. Nd3 Nd5 23. Bg5+ Bf6 $2
24. Bxf6+ Nxf6 25. Ne5 $18 {1-0 Wolf,U-Lytchak,A/Muenster 1994/EXT 2002 (62)})
14. Bxc6 bxc6 15. f3 (15. Rxc6 {is absolutely harmless:} Bb7 16. Rc7 Bxe4 17.
f3 Bd5 ({or} 17... Bf5 18. Rd1 (18. Rxe7 Rdb8) 18... Kf8 19. Ke1 Ke8 20. d5 Rd7
21. Rc5 Rb7 22. Nd4 Bd7 $11 {0-1 Kelecevic,N-Smejkal,J/Sarajevo 1982/Inf 33 
(52)}) 18. Rxe7 Bf8 (18... Bxa2 {1/2-1/2 Cebalo,M-Plachetka,J/Vinkovci 1982/
MCD (18)}) 19. Rc7 Bb4+ 20. Kd3 Bxa2 21. Ra1 Bd6 22. Rb7 Be6 23. Raxa7 Rac8 $44
{0-1 Georges,S-Moor,R/Switzerland 1997/EXT 99 (59)}) (15. Rc5 $6 e5 $1 16. Bg5
f6 17. Be3 exd4 18. Bxd4 Ba6 19. Rd1 Rd6 20. Ke3 Bxe2 21. Kxe2 Rad8 22. Ke3 Bf8
{0-1 Hjartarson,J-Stohl,I/Copenhagen 1982/EXT 2000 (22)} (22... Bf8 23. Ra5 c5
$1 $19)) (15. Rhd1 {leads to equality after} Rb8 (15... Rd7 16. f3 Bb7 {
is too passive:} 17. Ke1 Rad8 18. Rd2 e5 19. dxe5 Rxd2 20. Bxd2 Bxe5 21. Bf4
$14 {1/2-1/2 Wegner,H-Wiesmann,H/Germany 1994/GER-chT (38)}) 16. Rc2 (16. Rxc6
Bb7 17. Rc7 Bxe4 18. f3 Bd5 19. Rxa7 Bc4 20. Ke1 e5 21. dxe5 Rxd1+ 22. Kxd1
Bxe5 23. f4 Bf6 $44 {1/2-1/2 Andreev,K-Gubanov,A/St Petersburg 1997/CBM 58 (42)
}) (16. f3 Ba6 17. Rc2 $6 (17. Ke1 Rb2 18. Rd2 $11) 17... e5 18. Ke1 Bxe2 19.
Kxe2 exd4 20. Bg5 f6 21. Bc1 Rb6 $17 {0-1 Pisonic,D-Vitaljic,N/Zagreb 1993/EXT
2002 (35)}) 16... Rb4 17. Ke1 Ra4 18. f3 Ba6 19. Rdd2 Bc4 20. Nc3 Ra3 21. Nd1
Bb5 $132 {1/2-1/2 Persson,L-Kyhle,B/Stockholm 1994/EXT 2000 (80)}) {The text
move is an attempt of improvement. The h1 rook will be developed later,
depending on the situation. Still, Black's pair of bishops secures him from
any real problems.} 15... e5 ({Black should not tie his bishop to the defence
of the c6 pawn:} 15... Bd7 $6 16. Rc4 Rdb8 17. Rhc1 Rb2+ 18. R1c2 Rab8 19. Nf4
Bh6 20. Nd3 Bxe3+ 21. Kxe3 Rxc2 22. Rxc2 Rb1 23. Rb2 Ra1 24. Nc5 Be6 25. a4
Ra3+ 26. Kf4 Bc4 27. h4 f6 28. g4 $16 {1-0 Graf,A-Hintze,H/playchess.com 2003/
CBM 92 ext (36)}) 16. Rxc6 exd4 17. Bg5 Re8 18. Nf4 (18. Rhc1 $5 Be6 $11 (18...
f5 $5)) 18... Re5 $1 {[%csl Ra2][%cal Ye5a5] Fighting for the initiative.
White should be very accurate now not to get into trouble.} 19. h4 $6 ({
White's main trump is the active position of his pieces.Otherwise the black
bishop pair would become a dominant factor. Therefore,} 19. Rhc1 $142 $1 Bd7 (
19... Bb7 20. Rc7 Bxe4 21. Rc8+ Re8 22. Rxe8+ Rxe8 23. fxe4 h6 24. Bh4 g5 25.
Nh5 gxh4 26. Nxg7 Kxg7 27. Kd3 $11) 20. Rc7 Rxg5 (20... Be8 21. Be7 $1) 21.
Rxd7 Be5 $11 22. g3 Bxf4+ 23. gxf4 Rg2+ 24. Kd3 Rxa2 25. Rcc7 $132) 19... Ra5
20. Ra1 Bb7 21. Rc7 d3 $1 22. Rb1 Ba6 (22... Rxa2+ 23. Kxd3 Ba6+ 24. Ke3 Ra3+
25. Kf2 Bd4+ 26. Kg3 Be5 27. Rd7 Bd3 28. Rc1 Bxe4 29. Re7 Bxf4+ 30. Kxf4 Bd5
31. Bf6 {and White should not lose.}) 23. Rxa7 {An attempt to force a draw.} (
23. Nxd3 Rxa2+ 24. Rc2 Rxc2+ 25. Kxc2 Bxd3+ 26. Kxd3 a5 $15 {[%csl Ga5]}) 23...
Rxa7 {This liquidates into a drawish endgame.} (23... Rxa2+ 24. Ke3 Bd4+ {
also lead to a probable draw after} 25. Kxd4 Rxa7 26. Rb8+ Kg7 27. e5 $1 {e.g.}
f6 (27... Rd7+ 28. Ke3 d2 29. Bf6+ $11) 28. Bxf6+ (28. Ne6+ Kf7 29. Nd8+ Ke8
30. Nc6+ Kd7 31. Nxa7 fxg5 $17) 28... Kf7 29. Rh8 d2 (29... Rd7+ 30. Kc5 Ra5+
31. Kb6 Rxe5 32. Bxe5 d2 33. Rxh7+ $11) 30. Rxh7+ Ke8 31. Rh8+ Kd7 32. Rd8+ Kc6
33. Rd6+ Kb7 34. Kc3 Bf1 35. Rd7+ $11) (23... Bc3+ $1 {was the last attempt to
play for a win making use of the d3 pawn:} 24. Kxc3 Rxa7 25. Rb8+ Kg7 26. Nd5
f5 27. Be3 Rb7 $1 $15) 24. Rb8+ Bf8 25. Bh6 Rxa2+ 26. Ke3 Bc8 27. Rxc8 Ra8 28.
Rxa8 Rxa8 29. Bxf8 Kxf8 30. Kxd3 Ke7 31. Ke3 Kd6 32. Kf2 Ke5 33. Nh3 Ra7 34.
Ng5 h6 35. Nh3 Kd4 36. Kg3 Ke3 37. Nf2 Ke2 38. Ng4 h5 39. Nf6 Kf1 40. Nd5 Ra3
41. Nf4 Ra2 42. Kh2 {Black has made a great progress but it is not enough for
a win.} Kf2 43. Nh3+ Kf1 44. Nf4 Rc2 45. Kg3 Kg1 46. Nh3+ Kh1 47. Nf2+ Kg1 48.
Nh3+ Kf1 49. Nf4 Rd2 50. Kh2 Kf2 51. Nh3+ Kf1 52. Nf4 Kf2 1/2-1/2

[Event "Solin 9th"]
[Site "Solin/Split"]
[Date "2001.12.16"]
[Round "9"]
[White "Zaja, Ivan"]
[Black "Ftacnik, Lubomir"]
[Result "0-1"]
[WhiteElo "2476"]
[BlackElo "2566"]
[Annotator "Krasenkow,M"]
[PlyCount "76"]
[EventDate "2001.12.08"]
[EventType "tourn"]
[EventRounds "9"]
[EventCountry "CRO"]
[EventCategory "12"]
[SourceTitle "CBM 087"]
[Source "ChessBase"]
[SourceDate "2002.03.21"]
[SourceVersion "1"]
[SourceVersionDate "2002.03.21"]
[SourceQuality "1"]

1. d4 Nf6 2. c4 g6 3. Nc3 d5 4. cxd5 Nxd5 5. e4 Nxc3 6. bxc3 Bg7 7. Nf3 c5 8.
Rb1 O-O 9. Be2 Nc6 10. d5 Ne5 11. Nxe5 Bxe5 12. Qd2 b6 13. f4 Bg7 14. O-O e6 {
GM Lubomir Ftacnik's speciality.} 15. Bc4 (15. dxe6 {is more popular}) 15...
Bb7 16. Ba3 $4 {This move is totally absurd. Besides the 17.Bxc5 threat (which
Black easily parries), it contains no ideas. The a3 bishop will now be
completely offside. GM Ivan Zaja probably had a very bad day.} (16. dxe6 {
is the main line leading to interesting complications, in which Black
apparently holds his ground:} Bxe4 (16... Qxd2 17. exf7+ Kh8 18. Bxd2 Rad8 {
gives White an additional possibility} 19. Rf2 Bxe4 20. Re1 Bd5 21. Bxd5 Rxd5
22. Re7 {In the following game Black was left a pawn down and failed to reach
a draw:} Bf6 23. Rxa7 Kg7 24. Rb7 Rd6 25. Re2 Rxf7 26. Rb8 Ra7 27. Be1 Rd1 28.
Kf2 Rb1 29. Kf3 Rd7 30. g4 Kf7 31. f5 gxf5 32. gxf5 Bd8 33. Rd2 Rxd2 34. Bxd2
Be7 35. Rb7 Kf6 36. h4 Bd6 37. Ke4 h6 38. Bxh6 Re1+ 39. Be3 Bg3 40. Rxb6+ Kf7
41. Kf3 Bxh4 42. Bxc5 {1-0 Paramos Dominguez,R-Herrera,I/Varadero 2000/CBM 76
ext (42)}) 17. exf7+ Kh8 18. Rb2 Qxd2 (18... Qf6 19. Qe2 (19. Qe3 Qxc3 (19...
Qf5 $5) 20. Qxe4 Bd4+ 21. Rbf2 Qxc4 22. Bb2 Qxf7 23. Bxd4+ {1/2-1/2
Brenninkmeijer,J-Blees,A/Breda 1996/EXT 2002 (23)}) (19. Re1 Qf5 (19... Rad8
20. Rxe4 $5 Rxd2 21. Bxd2 {I.Stohl} Qc6 $13) 20. h3 Rad8 (20... h5 $2 21. g4
hxg4 22. Rxe4 $1 Qxe4 23. hxg4 Bf6 24. Bd5 Qe7 25. g5 $1 $18 {I.Stohl}) 21. g4
Qf6 22. Rxe4 $5 Rxd2 23. Bxd2 Qc6 $13) 19... Bf5 20. Rd2 $1 (20. Bd2 Rad8 21.
Be1 Rd7 22. Qf3 Be6 23. Bxe6 Qxe6 24. Re2 Qxf7 $15 {0-1 Straat,E-Blees,A/
Haarlem 1996/EXT 2000 (39)}) 20... Rad8 21. Re1 $14 {It is not clear how Black
is going to regain the pawn.}) 19. Bxd2 (19. Rxd2 {, bringing the rook into
the game, is not sufficient for an advantage either:} Bxc3 20. Re1 (20. g4 $5
Kg7 21. Re1 Bc6 (21... Bxd2 22. Bb2+ Kh6 23. Rxe4 $16 {[%csl Rh6]}) (21... Bb7
$5) 22. Rd6 b5 23. Be6 b4 $5 24. Bd2 Bxd2 25. Rxd2 Rad8 26. Rc2 Bd5 27. f5 gxf5
28. gxf5 Rxf7 29. Bxf7 Kxf7 30. Rxc5 Bxa2 31. Ra5 Rd2 32. Rxa7+ Kf6 33. Rxh7
Bd5 $44 {1/2-1/2 Veingold,A-Rytshagov,M/FIN 1996/EXT 98 (42)}) 20... Bf5 21.
Re3 (21. Re7 Kg7 22. Bb2 Bxb2 23. Rxb2 Rad8 24. Rxa7 Rd1+ {1/2-1/2 Wells,
P-Stohl,I/Isle of Man 1995/EXT 98 (24)} 25. Kf2 Rd4 26. Be2 Rxf4+ 27. Kg3 Re4
28. Bf3 Re6 29. Rb7 Be4 $11) 21... Bd4 22. Rxd4 cxd4 23. Bb2 Rad8 24. Re7 (24.
g4 Bxg4 25. Re4 h5 $11) 24... Kg7 25. Rxa7 b5 26. Bb3 Bd3 27. Ba3 Bc4 28. Bxf8+
Kxf8 $11 {Sadler,M-Stohl,I/Isle of Man 1994}) 19... Rad8 20. Re1 Bd3 {The most
accurate reply.} (20... Rxd2 $2 {recommended by GM Igor Stohl, loses by force,
which I learned from my own experience:} 21. Rxd2 Bxc3 22. Rd8 $3 {This
excellent move gains a decisive tempo:} Rxd8 23. Rxe4 Rf8 24. Re7 a5 ({the
endgame after} 24... Kg7 25. Rxa7 b5 26. Bxb5 Rxf7 27. Rxf7+ Kxf7 28. Kf2 Kf6
29. Kf3 h5 30. Ke4 {is lost for Black. White will get passed pawns on opposite
sides; meanwhile, Black's c5 pawn doesn't help his defence, blockading an
important communication square and diagonal.}) 25. a4 Kg7 26. Kf2 Bf6 27. Re8
Bd8 28. Kf3 Bf6 29. Ke4 $18 {Wells,P-Krasenkow,M/Copenhagen 1996 and the
advance of the white king and pawns decided the game}) (20... Bc6 $6 21. f5 $1
Bd5 {loses a tempo comparing to the next line} 22. Bxd5 Rxd5 23. fxg6 hxg6 24.
Re7 b5 25. Rxa7 b4 26. Rc2 Rf5 27. h4 c4 28. Kh2 R8xf7 29. Rxf7 Rxf7 30. cxb4
Rf2 31. Kg3 Bd4 32. a4 Kg8 33. a5 Kf7 34. b5 {1-0 Sadler,M-Khachian,M/Cannes
1996/CBM 51 ext (41)}) (20... Bd5 {is quite a solid continuation:} 21. Bxd5
Rxd5 22. Re7 a6 (22... b5 23. Rxa7 b4 24. Rc2 bxc3 25. Bxc3 Bxc3 26. Rxc3 Kg7
27. a4 Rxf7 28. Rxf7+ Kxf7 $14 {1/2-1/2 Muttoni,G-Sogaard,O/email RCCA 1999/80
telechess (32)}) 23. Kf2 b5 {[%cal Rd5f5,Rb5b4]} 24. g4 b4 {Black looks for a
rook endgame, which is easier to defend.} (24... c4 25. Ke2 $14) 25. Re8 $1 (
25. Rc2 bxc3 26. Bxc3 Bxc3 27. Rxc3 Rd2+ 28. Re2 Rd4 $1 $10) 25... Rd8 26. Rc2
$1 bxc3 27. Bxc3 Rdxe8 28. fxe8=Q Rxe8 29. Bxg7+ Kxg7 30. Rxc5 Re4 {with an
apparent draw}) 21. Bxd3 (21. Be6 b5 $44) 21... Rxd3 22. Re7 Bxc3 23. Bxc3+
Rxc3 24. Rxa7 Kg7 25. Rxb6 Rxf7 26. Rbb7 Rxb7 27. Rxb7+ Kg8 {with a drawish
endgame, e.g.} 28. Rb2 h5 29. Kf2 Ra3 30. Ke1 Kf7 31. Re2 h4 32. Kd1 c4 33. Kc1
c3 34. g3 hxg3 35. hxg3 g5 36. fxg5 Kg6 37. g4 Kxg5 38. Rg2 Ra8 {1/2-1/2 Van
Wely,L-Holzke,F/Germany 1999/GER-chT (38)}) ({The other moves (besides 16.dxe6)
don't deserve serious attention, e.g.} 16. Bb2 exd5 17. Bxd5 Bxd5 18. exd5 c4
19. Ba3 Re8 20. f5 Re5 21. fxg6 hxg6 22. d6 Qd7 23. Rbe1 Rd8 (23... Rae8 $5)
24. Rxe5 Bxe5 25. Qd5 Qe6 $15 {0-1 Berger,H-Hlavnicka,J/Schwarzach 1998/EXT
2000 (48)}) (16. Re1 exd5 17. Bxd5 Bxd5 18. exd5 Re8 19. Ba3 (19. Bb2 c4) 19...
Qd7 20. Qd3 Qg4 $17 {1-0 Barus,C-Xu Jun/Shenyang 1999/EXT 2000 (47)}) 16...
exd5 17. Bxd5 Bxd5 18. exd5 Qf6 (18... Re8 $5) 19. Rf3 (19. c4 {was a must,
bringing the bishop back into the game, although the ending after} Qd4+ 20.
Qxd4 Bxd4+ 21. Kh1 Rfe8 {[%csl Gd4][%cal Ge8e1] is clearly better for Black})
19... Qf5 (19... Rfe8 20. f5 $5 {Black decides to eliminate this possibility.})
20. Rd1 (20. Qd3 Rfe8 $5 21. Qxf5 gxf5 $17 {[%csl Ge4][%cal Ge8e1]}) 20... Rad8
21. c4 {Now this is a bit too late as Black needn't swap the queens.} Bd4+ 22.
Kh1 Rfe8 23. Bb2 {At last the bishop enters the game but Black has captured
the e-file in the meantime.} Re4 24. Bxd4 Rxd4 25. Qc1 Rxd1+ 26. Qxd1 b5 $1 {
Creating a strong passed pawn. Together with White's kingside weaknesses (the
f4 pawn, the poorly protected white king) this yields Black a huge advantage.}
27. cxb5 Rxd5 {[%csl Gc5,Gd5]} 28. Qe2 (28. Qg1 c4 $19) 28... Qe4 $1 29. Qf1
Qc2 (29... c4 {was good enough, too}) 30. Re3 c4 31. h3 c3 $6 {There was no
need to hurry.} (31... Rxb5 32. Kh2 Rb2 {was very strong}) 32. Re8+ Kg7 33. Qc4
{Now White gets some counterplay, however insufficient for saving the game.}
Rd1+ 34. Kh2 Rd2 35. Qc6 Qb2 36. Rc8 Kh6 $1 37. f5 (37. Qa8 c2 38. Rc5 Kg7 39.
Qc6 Qxa2 $19) 37... c2 38. h4 $4 {A blunder in a bad position.} (38. Qe4 $8 Kg7
(38... c1=Q $2 39. Qh4+ Kg7 40. f6+ Qxf6 41. Qxf6+ Kxf6 42. Rxc1 Rxa2 43. b6
$11) 39. f6+ $1 Qxf6 $1 40. Rxc2 Qd6+ 41. Kg1 Qb6+ (41... Rd1+ 42. Kf2 Qb6+ 43.
Ke2 {is less clear}) 42. Kh1 (42. Kh2 Qb8+ 43. Kg1 Rd1+ 44. Kf2 Qxb5 $19) 42...
Rd1+ 43. Kh2 Qb8+ 44. g3 Qxb5 $19 {A pawn down, with a weak king, White has no
chances to survive.}) 38... Qe5+ 0-1

[Event "EU-chT (Men) 13th"]
[Site "Leon"]
[Date "2001.11.07"]
[Round "2.4"]
[White "Markos, Jan"]
[Black "Greenfeld, Alon"]
[Result "1-0"]
[WhiteElo "2435"]
[BlackElo "2581"]
[Annotator "Krasenkow,M"]
[PlyCount "75"]
[EventDate "2001.11.06"]
[EventType "team-swiss"]
[EventRounds "9"]
[EventCountry "ESP"]
[SourceTitle "CBM 086"]
[Source "ChessBase"]
[SourceDate "2002.02.05"]
[SourceVersion "1"]
[SourceVersionDate "2002.02.05"]
[SourceQuality "1"]
[WhiteTeam "Slovakia"]
[BlackTeam "Israel"]
[WhiteTeamCountry "SVK"]
[BlackTeamCountry "ISR"]

1. d4 Nf6 2. c4 g6 3. Nc3 d5 4. Nf3 Bg7 5. cxd5 Nxd5 6. e4 Nxc3 7. bxc3 c5 8.
Rb1 O-O 9. Be2 b6 10. O-O Bb7 11. Qd3 Ba6 12. Qe3 Qd7 13. dxc5 Bxe2 14. Qxe2
bxc5 15. Qc4 Qc6 16. e5 Nd7 17. Re1 e6 $1 {An important improvement introduced
by IM Klaudiusz Urban. The knight remains on d7 to press the e5 pawn.} (17...
Nb6 {-see CBM81}) 18. Bg5 ({If} 18. Qh4 {then} Rfb8 $1 {and Black's
counterplay comes first as} 19. Bh6 $2 {doesn't work in view of} Nxe5 $1 {
Se.Ivanov}) 18... Rfb8 {[%cal Gb8b1]} (18... h6 {yielded Black a good position
in the stem game:} 19. Be7 Rfc8 20. Bd6 Nb6 21. Qa6 Na4 22. Qxc6 Rxc6 23. c4
Nb6 24. Nd2 Bf8 25. Bxf8 Kxf8 26. f4 Rd8 27. Nb3 Nxc4 28. Rbc1 Nb6 29. Rxc5
Rxc5 30. Nxc5 Rd2 $15 {1/2-1/2 Ivanov,S-Urban,K/Glogow POL 2001 (55)}) {
The text move is even more logical.} 19. Rbd1 Nb6 20. Qe2 Qa4 {The initiative
belongs to Black.} 21. Rd6 (21. Rd3 $5) 21... Nd5 (21... Nc4 {was quite
posiible and if} 22. Qe4 Qxa2 23. Rd7 {then} Nb6 24. Rc7 Qa5 ({but not} 24...
Rc8 $2 25. Rxf7 $3 Kxf7 26. Qb7+ Kf8 27. Bf6 $18)) 22. c4 (22. Ra6 {was more
accurate, e.g.} Qd7 23. c4 Nb4 24. Rd6 Qa4 25. Rd2 {with unclear play. After
the text move White loses a pawn.}) 22... Nc3 23. Qd3 (23. Qe3 {was probably
better to create counterplay after} Qxc4 (23... Nxa2 24. Qxc5) 24. Nd2 Qb4 25.
a3 $1 Qb2 (25... Qxa3 $2 26. Rd3) 26. Qf3 (26. Nc4 Qc2) 26... Nd5 27. Rd7 Rf8
28. Ne4 {etc.}) 23... Nxa2 24. Rd1 (24. Ra1 $143 Nb4 $1) 24... Nb4 25. Qe4 {
This allows Black to transfer his knight to b6.} (25. Qe2 $5) 25... Nd5 26. Qd3
(26. Rc1 Bf8 27. Qh4 $5 {was possible. However, with accurate play Black can
parry White's attack:} Nc3 $1 (27... Bxd6 $143 28. exd6) 28. Kf1 (28. Rd2 Rb4
$19) 28... Bxd6 29. exd6 Rb1 30. Rxb1 Nxb1 31. g3 Qd1+ 32. Kg2 Qxd6 33. Bf6 e5
34. Bxe5 Qc6 {etc.}) 26... Nb6 {[%csl Rc4]} 27. h4 $2 {Despair. White gives up
a second pawn.} ({But why not} 27. Rc1 {? If Black plays} Bf8 {winning the
exchange then} 28. Nd2 $1 Bxd6 29. exd6 Nd7 (29... f5 $5 {, preventing 30.Ne4,
is not that clear either}) 30. Ne4 Rb3 31. Qd2 f5 ({or} 31... Rab8 32. Nf6+
Nxf6 33. Bxf6 Rb1 34. h4 Rxc1+ 35. Qxc1 Qd7 36. Qf4) 32. Nf6+ Nxf6 33. Bxf6 Qd7
34. h4 {and White's counterplay should not be underestimated}) 27... Nxc4 $19
28. Qe4 Qb5 (28... Nb2 {, exchanging the queens, was the simplest course to win
}) 29. Rd7 Nb6 30. Rb7 h6 (30... Qa4 31. Qxa4 Nxa4 32. Rc7 Rc8 33. Rb7 c4 {
was quite enough to win.}) 31. Bf6 Qa4 {Black should play carefully. Here is
an interesting variation:} (31... Rxb7 32. Qxb7 Bxf6 (32... c4 $142) 33. exf6
Qb2 34. Qe7 Nd5 (34... c4 $2 35. Rd8+ Rxd8 36. Qxd8+ Kh7 37. Qe7 {but the text
move looks decisive...}) 35. Rxd5 $1 exd5 36. Ne5 Rf8 37. Nd7 $1 (37. Nxg6 Qb1+
) 37... Rb8 $5 ({or} 37... Qc1+ 38. Kh2 Qf4+ 39. Kg1 Rb8 40. Nxb8 Qxb8 41. Qxc5
) 38. Qe3 $1 (38. Ne5 Qb7) 38... Kh7 39. Qe7 Qc1+ 40. Kh2 Qf4+ 41. Kh3 Kg8 42.
Nxb8 Qxb8 43. Qxc5 {and Black can hardly win}) 32. Qxa4 Nxa4 33. Rc7 Bxf6 $2 {
Black certainly lost concentration after the queen exchange. It was not a good
idea to allow the white pawn to f6.} (33... Rc8 34. Rb7 Nb6 35. Bxg7 Kxg7 36.
Ra1 Nd5 37. Raxa7 Rxa7 38. Rxa7 c4 39. Nd4 c3 $1 {brings Black a clearly
winning endgame.}) 34. exf6 {[%csl Gf6]} Nc3 $4 {Now the black king gets into
a mating net.} (34... Nb6 35. Ne5 Rf8 {was absolutely necessary but the
endgame after} 36. Ng4 $1 (36. Ra1 $143 Nd5 37. Rxc5 Rfb8 {and Black should win
}) 36... Kh7 37. Ne5 Nd5 38. Rxd5 $1 exd5 39. Nxf7 Rxf7 40. Rxf7+ Kh8 41. Kf1
$1 (41. Rg7 $143 d4) 41... a5 42. Rg7 {needs closer analysis. I am not sure
that Black can win.}) 35. Rdd7 $2 (35. Ne5 $1 Rf8 36. Rdd7 Nd5 37. Rxf7 $18 {
was more accurate}) 35... Nd5 $2 {Returning the present.} ({Black could
continue fighting on after} 35... Rc8 36. Rxf7 Rxc7 37. Rxc7 Rf8 $1 38. Rg7+
Kh8 39. Rxg6 Nd5 (39... Kh7 $143 40. Ne5 Rg8 41. f7 Rf8 42. Rxe6 $18) 40. Rxh6+
Kg8 41. Rg6+ Kh8 42. Rg7 Rxf6 43. Rxa7 c4 $16) 36. Rxf7 $1 Nxc7 37. Rg7+ Kf8
38. Ne5 1-0